2025 Vision (Record no. 84497)

MARC details
000 -LEADER
fixed length control field 00456cab a22001815a 4500
001 - CONTROL NUMBER
control field L157944
008 - FIXED-LENGTH DATA ELEMENTS--GENERAL INFORMATION
fixed length control field 130731e xxk 000 0 eng d
035 ## - SYSTEM CONTROL NUMBER
System control number (Sirsi) u157944
041 0# - LANGUAGE CODE
Language code of text/sound track or separate title eng
100 1# - MAIN ENTRY--PERSONAL NAME
Personal name Branson, Adam
245 00 - TITLE STATEMENT
Title 2025 Vision
490 ## - SERIES STATEMENT
Series statement Building
Volume/sequential designation (278) 5 July 2013, 32-35(4)
520 ## - SUMMARY, ETC.
Summary, etc. Reports on the findings of the Global Construction 2025
590 ## - LOCAL NOTE (RLIN)
Local note KA
651 #4 - SUBJECT ADDED ENTRY--GEOGRAPHIC NAME
Geographic name International
690 ## - LOCAL SUBJECT ADDED ENTRY--TOPICAL TERM (OCLC, RLIN)
Topical term or geographic name as entry element CONSTRUCTION
942 ## - ADDED ENTRY ELEMENTS (KOHA)
Suppress in OPAC 0
Holdings
Withdrawn status Lost status Source of classification or shelving scheme Damaged status Not for loan Home library Current library Shelving location Date acquired Total Checkouts Full call number Barcode Date last seen Copy number Price effective from Koha item type
    Dewey Decimal Classification     London London Journal article 31/07/2013   L157944 157944-1001 06/08/2019 1 06/08/2019 Journal article